Love and war / (Record no. 11461)
[ view plain ]
| 000 -LEADER | |
|---|---|
| fixed length control field | 01149cam a2200325 a 4500 |
| 001 - CONTROL NUMBER | |
| control field | 1935328 |
| 003 - CONTROL NUMBER IDENTIFIER | |
| control field | LC |
| 005 - DATE AND TIME OF LATEST TRANSACTION | |
| control field | 20160316151744.0 |
| 008 - FIXED-LENGTH DATA ELEMENTS--GENERAL INFORMATION | |
| fixed length control field | 861210s1987 wiua 000 1 eng |
| 010 ## - LIBRARY OF CONGRESS CONTROL NUMBER | |
| LC control number | 86051589 |
| 020 ## - INTERNATIONAL STANDARD BOOK NUMBER | |
| International Standard Book Number | 9780880385190 |
| 040 ## - CATALOGING SOURCE | |
| Original cataloging agency | DLC |
| Transcribing agency | DLC |
| Modifying agency | DLC |
| 050 00 - LIBRARY OF CONGRESS CALL NUMBER | |
| Classification number | PS 648 |
| Item number | .L897 1987 vol.3 |
| 082 00 - DEWEY DECIMAL CLASSIFICATION NUMBER | |
| Classification number | FIC |
| Item number | L94dl 1987 |
| 100 ## - MAIN ENTRY--PERSONAL NAME | |
| Personal name | Weis, Margarett |
| 245 00 - TITLE STATEMENT | |
| Title | Love and war / |
| Statement of responsibility, etc | edited by Margaret Weis and Tracy Hickman ; featuring "Raistlin's daughter" by Margaret Weis and Dezra Despain. |
| 260 ## - PUBLICATION, DISTRIBUTION, ETC. (IMPRINT) | |
| Place of publication, distribution, etc | New York : |
| Name of publisher, distributor, etc | Distributed by Random House, |
| Date of publication, distribution, etc | c1987. |
| 300 ## - PHYSICAL DESCRIPTION | |
| Extent | 368 p. : |
| Other physical details | ill. ; |
| Dimensions | 18 cm. |
| 440 #0 - SERIES STATEMENT/ADDED ENTRY--TITLE | |
| Title | Dragonlance tales ; |
| Volume number/sequential designation | v. 3 |
| 9 (RLIN) | 20300 |
| 650 #0 - SUBJECT ADDED ENTRY--TOPICAL TERM | |
| Topical term or geographic name as entry element | Krynn (Imaginary place) |
| General subdivision | Fiction. |
| 9 (RLIN) | 20301 |
| 650 #0 - SUBJECT ADDED ENTRY--TOPICAL TERM | |
| Topical term or geographic name as entry element | Fantasy fiction, American. |
| 700 1# - ADDED ENTRY--PERSONAL NAME | |
| Personal name | Weis, Margaret. |
| 9 (RLIN) | 3860 |
| 700 1# - ADDED ENTRY--PERSONAL NAME | |
| Personal name | Hickman, Tracy. |
| 9 (RLIN) | 17884 |
| 700 1# - ADDED ENTRY--PERSONAL NAME | |
| Personal name | Despain, Dezra. |
| 9 (RLIN) | 20302 |
| 856 42 - ELECTRONIC LOCATION AND ACCESS | |
| Materials specified | Publisher description |
| Uniform Resource Identifier | <a href="http://www.loc.gov/catdir/description/hol054/86051589.html">http://www.loc.gov/catdir/description/hol054/86051589.html</a> |
| 906 ## - LOCAL DATA ELEMENT F, LDF (RLIN) | |
| a | 7 |
| b | cbc |
| c | orignew |
| d | 2 |
| e | ocip |
| f | 19 |
| g | y-gencatlg |
| 942 ## - ADDED ENTRY ELEMENTS (KOHA) | |
| Source of classification or shelving scheme | Library of Congress Classification |
| Koha item type | Books |
| Withdrawn status | Lost status | Source of classification or shelving scheme | Damaged status | Home library | Current library | Shelving location | Date acquired | Total Checkouts | Full call number | Barcode | Date last seen | Copy number | Price effective from | Koha item type |
|---|---|---|---|---|---|---|---|---|---|---|---|---|---|---|
| Library of Congress Classification | Luxembourg Library | Luxembourg Library | Fiction Section | 09/17/2013 | PS 648 .L897 1987 vol.3 | 9831 | 09/17/2013 | 1 | 09/17/2013 | Books |